| 000 | 01484nam a2200325Ia 4500 | ||
|---|---|---|---|
| 003 | OSt | ||
| 005 | 20251117100907.0 | ||
| 008 | 210210b2007 xxu||||| |||| 00| 0 eng d | ||
| 040 | _cAL | ||
| 041 | _aKannada | ||
| 082 | _aK894.3 VIVI | ||
| 100 |
_aVIVEKANADA KAMAT _dವಿವೇಕಾನಂದ ಕಾಮತ್ _9245801 |
||
| 245 |
_aIdu yaru bareda kateyo mattu jala hagu ondu savina sutta _bಇದು ಯಾರು ಬರೆದ ಕಥೆಯೋ..’, ಜಾಲ ಮತ್ತು ಒಂದು ಸಾವಿನ ಸುತ್ತ |
||
| 260 |
_aBengaluru _bNot Mentioned _c2007 |
||
| 300 | _a200 | ||
| 520 | _aಈ ಹೊತ್ತಿಗೆಯಲ್ಲಿ ಮೂರು ಕಿರು ಕಾದಂಬರಿಗಳಿವೆ. ‘ ಇದು ಯಾರು ಬರೆದ ಕಥೆಯೋ..’, ಜಾಲ ಮತ್ತು ಒಂದು ಸಾವಿನ ಸುತ್ತ. ಮೂರೂ ಕುತೂಹಲ ಮೂಡಿಸಿಕೊಂಡು ಓದಿಸಿಕೊಳ್ಳುವ ಮೂರೂ ಕಿರು ಕಾದಂಬರಿಗಳು ಹಂಸರಾಗ ಮಾಸ ಪತ್ರಿಕೆಯಲ್ಲಿ ಪ್ರಕಟವಾಗಿವೆ. | ||
| 650 |
_ayaru _9245802 |
||
| 650 |
_asutta _9245803 |
||
| 650 |
_asavina _9245804 |
||
| 650 |
_aondu _9245805 |
||
| 650 |
_amattu _9245806 |
||
| 650 |
_akateyo _9245807 |
||
| 650 |
_ajala _9245808 |
||
| 650 |
_aIdu _9245809 |
||
| 650 |
_ahagu _9245810 |
||
| 650 |
_abareda _9245811 |
||
| 690 |
_aKannada Fiction _9245812 |
||
| 906 | _a063139 | ||
| 942 |
_2ddc _cBK |
||
| 999 |
_c134562 _d134562 |
||